| 000 | 00399nam a2200145 a 4500 | ||
|---|---|---|---|
| 001 | 1366 | ||
| 003 | CDMR | ||
| 005 | 20130717130242.0 | ||
| 008 | 130130s1976||||||||||||||||||||||||||||d | ||
| 040 |
_aCDMR _bcat _cCPC GIRONA |
||
| 100 | 1 |
_aHeartfield, John _91063 |
|
| 245 | 1 | 0 |
_aGuerra en la PAZ _bFotomontajes sobre el perĂodo 1930-1938 _cHeartfield, John |
| 260 |
_c1976 _bGustavo Gili |
||
| 942 |
_cMON _2udc |
||
| 999 |
_c1366 _d1366 |
||